ピアジェ理論と幼児教育の実践 :モンテッソーリ,自由保育との比較研究= Piaget theory and the practice of early childhood education: a comparative study with Montessori and free childcare

Uloženo v:
Podrobná bibliografie
Hlavní autor: Debreeze, Rheta
Médium: Kniha
Jazyk:Undetermined
Vydáno: Japan 公明小森 1992
Témata:
Tagy: Přidat tag
Žádné tagy, Buďte první, kdo otaguje tento záznam!
Thư viện lưu trữ: Trung tâm Học liệu Trường Đại học Cần Thơ
LEADER 00861nam a2200205Ia 4500
001 CTU_232278
008 210402s9999 xx 000 0 und d
082 |a 370.952 
082 |b D288 
100 |a Debreeze, Rheta 
245 0 |a ピアジェ理論と幼児教育の実践 :モンテッソーリ,自由保育との比較研究= 
245 0 |b Piaget theory and the practice of early childhood education: a comparative study with Montessori and free childcare 
245 0 |c R. Debreeze, L. Coleberg (・デブリーズ, L・コールバーグ著 ; 大伴栄子[ほか]訳) 
260 |a Japan 
260 |b 公明小森 
260 |c 1992 
650 |a Tâm lý trẻ,Child psychology,Giáo dục,Education 
650 |z Nhật Bản,Nhật Bản 
910 |a Tuyến 
980 |a Trung tâm Học liệu Trường Đại học Cần Thơ